| 000 | 00471nam a22001577a 4500 | ||
|---|---|---|---|
| 005 | 20150206164514.0 | ||
| 008 | 150206b xxu||||| |||| 00| 0 eng d | ||
| 022 | _a0973-5984 | ||
| 040 | _adpl | ||
| 245 | 0 | 4 | _aJadavpur journal of international relations |
| 260 |
_aNew Delhi _bSage Publication _c2013 |
||
| 300 |
_av : _c22 cm |
||
| 310 | _abi-annual | ||
| 270 |
_aB-1/1-1,Mohan Cooperative Industrial Area,Mathura Road, _bNew Delhi _dIndia _e110044 |
||
| 942 |
_2ddc _cSR _s1 |
||
| 999 |
_c91304 _d91304 |
||